Statistics for European Cities by Map #2

Click here to take the quiz!

General Stats

  • This quiz has been taken 16,679 times
  • The average score is 24 of 35

Answer Stats

City % Correct
London
98%
Madrid
97%
Dublin
96%
Oslo
94%
Barcelona
92%
Berlin
91%
Brussels
89%
Helsinki
88%
Manchester
87%
Reykjavik
87%
Edinburgh
86%
Kiev
84%
St Petersburg
83%
Milan
83%
Vienna
82%
Munich
82%
Prague
81%
Naples
79%
Budapest
79%
Riga
75%
Rotterdam
69%
Sarajevo
65%
Vilnius
63%
Tirana
56%
Malmo
56%
Geneva
54%
Gdansk
53%
Strasbourg
50%
Thessaloniki
41%
Toulouse
41%
Sochi
36%
Nantes
34%
Heraklion
26%
Wroclaw
22%
Cluj Napoca
20%

Score Distribution

Percentile by Number Answered

Percent of People with Each Score

Your Score History

You have not taken this quiz